000 00195 a2200097 4500
020 _a9781626725812
041 _aeng
100 _aNick Bruel
245 _abad Kitty does not like snow
942 _cK
999 _c30265
_d30263